Plant Morphology; រុក្ខវិទ្យា (Record no. 8419)

000 -LEADER
fixed length control field 00262nam a22001097a 4500
040 ## - CATALOGING SOURCE
Transcribing agency SK
082 ## - DEWEY DECIMAL CLASSIFICATION NUMBER
Classification number 581
100 ## - MAIN ENTRY--AUTHOR NAME
Personal name KUY sophal; គួយ សុផល
245 ## - TITLE STATEMENT
Title Plant Morphology; រុក្ខវិទ្យា
260 ## - PUBLICATION, DISTRIBUTION, ETC. (IMPRINT)
Place of publication RUA
Name of publisher 581
Year of publication 1994
942 ## - ADDED ENTRY ELEMENTS (KOHA)
Koha item type សៀវភៅភាសាខ្មែរ
952 ## - LOCATION AND ITEM INFORMATION (KOHA)
Withdrawn status [LOCAL, KOHA] 0
952 ## - LOCATION AND ITEM INFORMATION (KOHA)
Withdrawn status [LOCAL, KOHA] 0
952 ## - LOCATION AND ITEM INFORMATION (KOHA)
Withdrawn status [LOCAL, KOHA] 0
952 ## - LOCATION AND ITEM INFORMATION (KOHA)
Withdrawn status [LOCAL, KOHA] 0
952 ## - LOCATION AND ITEM INFORMATION (KOHA)
Withdrawn status [LOCAL, KOHA] 0
952 ## - LOCATION AND ITEM INFORMATION (KOHA)
Withdrawn status [LOCAL, KOHA] 0
952 ## - LOCATION AND ITEM INFORMATION (KOHA)
Withdrawn status [LOCAL, KOHA] 0
952 ## - LOCATION AND ITEM INFORMATION (KOHA)
Withdrawn status [LOCAL, KOHA] 0
952 ## - LOCATION AND ITEM INFORMATION (KOHA)
Withdrawn status [LOCAL, KOHA] 0
952 ## - LOCATION AND ITEM INFORMATION (KOHA)
Withdrawn status [LOCAL, KOHA] 0
Holdings
Permanent Location Date acquired Koha item type Lost status Shelving location Barcode Current Location Full call number
Library Block C2016-07-27សៀវភៅភាសាខ្មែរ C171RUA037315Library Block C581 kuy 1994 C171
Library Block C2016-07-27សៀវភៅភាសាខ្មែរ C071RUA037300Library Block C581 kuy 1994 C171
Library Block C2016-07-27សៀវភៅភាសាខ្មែរ C171RUA037214Library Block C581 kuy 1994 C171
Library Block C2016-07-27សៀវភៅភាសាខ្មែរ C171RUA036481Library Block C581 kuy 1994 C171
Library Block C2016-07-27សៀវភៅភាសាខ្មែរ C171RUA036421Library Block C581 kuy 1994 C171
Library Block C2016-07-27សៀវភៅភាសាខ្មែរ C171RUA037246Library Block C581 kuy 1994 C171
Library Block C2016-07-27សៀវភៅភាសាខ្មែរ C171RUA037306Library Block C581 kuy 1994 C171
Library Block C2016-07-27សៀវភៅភាសាខ្មែរ C171RUA037367 Library Block C581 kuy 1994 C171
Library Block C2016-07-27សៀវភៅភាសាខ្មែរ C171RUA037422Library Block C581 kuy 1994 C171
Library Block C2016-07-27សៀវភៅភាសាខ្មែរ C171RUA037427Library Block C581 kuy 1994 C171
មជ្ឈមណ្ឌលឯការនៃសាកលវិទ្យាល័យភូមិន្ទកសិកម្មចំការដូង

Powered by Koha